[Event "Shenzhen Masters"]
[Site "Shenzhen CHN"]
[Date "2017.03.27"]
[EventDate "2017.03.22"]
[Round "5"]
[Result "1/2-1/2"]
[White "Michael Adams"]
[Black "Ding Liren"]
[WhiteElo "2761"]
[BlackElo "2759"]
[PlyCount "87"]

1. e4 e5 2. Nf3 Nc6 3. Bb5 a6 4. Ba4 Nf6 5. d3 b5 6. Bb3 Bc5
7. Nc3 O-O 8. Nd5 h6 9. a4 b4 10. a5 Rb8 11. Be3 d6 12. Bxc5
dxc5 13. Ne3 Qe7 14. O-O Rd8 15. Re1 Be6 16. Ba4 Nxa5 17. Nf5
Bxf5 18. exf5 Rd5 19. Qe2 c6 20. Qe3 Qd6 21. Nd2 Re8 22. h3
Rd4 23. Bb3 Nxb3 24. Nxb3 Nd5 25. Qe2 Rf4 26. Nd2 Rxf5 27. Ne4
Qg6 28. Qg4 Re6 29. Rxa6 h5 30. Qxg6 Rxg6 31. Ng3 Rfg5 32. h4
Rg4 33. Rxe5 Rxh4 34. Ne4 Nc7 35. Ra7 Ne6 36. g3 c4 37. dxc4
Kh7 38. f3 Kg8 39. b3 Rh3 40. Rf5 f6 41. Ra8+ Kf7 42. Ra7+ Kg8
43. Ra8+ Kf7 44. Ra7+ 1/2-1/2

[Event "Shenzhen Masters"]
[Site "Shenzhen CHN"]
[Date "2017.03.29"]
[EventDate "2017.03.23"]
[Round "6.3"]
[Result "1-0"]
[White "Ding Liren"]
[Black "Yu Yangyi"]
[WhiteElo "2759"]
[BlackElo "2750"]
[PlyCount "101"]

1. Nf3 d5 2. g3 Bg4 3. Bg2 c6 4. O-O Nd7 5. h3 Bxf3 6. Bxf3
Ngf6 7. d3 e5 8. e4 dxe4 9. dxe4 Bc5 10. Nd2 O-O 11. a4 a5
12. Qe2 Qe7 13. Rd1 Rfd8 14. Nc4 b6 15. Kg2 h6 16. Rd3 Qe6
17. b3 Bd4 18. c3 Bc5 19. Qd1 Be7 20. Be3 Nc5 21. Rxd8+ Rxd8
22. Qc2 Bf8 23. Rb1 Rb8 24. Rd1 Ncd7 25. Be2 Nc5 26. f3 Ncd7
27. Bf2 g6 28. Be1 h5 29. h4 Ra8 30. b4 axb4 31. cxb4 b5
32. Na5 bxa4 33. Bc4 Qe8 34. Nxc6 a3 35. b5 Nb6 36. Ba2 Nfd7
37. Ba5 Bc5 38. Rd3 Kg7 39. Bc3 Kh7 40. Qd2 Bf8 41. Ba5 Kg7
42. g4 Be7 43. gxh5 Bxh4 44. hxg6 fxg6 45. Rd6 Bf6 46. Re6 Qf8
47. Bb4 Qh8 48. Nxe5 Nxe5 49. Rxf6 Qh5 50. Bc3 Ra7 51. Qf4 1-0

[Event "Shenzhen Masters"]
[Site "Shenzhen CHN"]
[Date "2017.03.30"]
[EventDate "2017.03.22"]
[Round "7"]
[Result "1/2-1/2"]
[White "Ding Liren"]
[Black "Anish Giri"]
[WhiteElo "2759"]
[BlackElo "2769"]
[PlyCount "113"]

1. Nf3 d5 2. g3 g6 3. Bg2 Bg7 4. d4 Nd7 5. O-O Ngf6 6. c4 dxc4
7. a4 a5 8. Qc2 Nb6 9. e4 O-O 10. Rd1 c6 11. Na3 Be6 12. h3
Ne8 13. Ng5 Bc8 14. Nxc4 Nxc4 15. Qxc4 e5 16. Nf3 exd4
17. Nxd4 Nc7 18. Be3 Qe7 19. Qc1 Qb4 20. Ra3 Re8 21. Rc3 Be6
22. b3 Na6 23. Rdd3 Qe7 24. Bg5 Qf8 25. Be3 Rad8 26. Nxe6 Rxe6
27. Qd1 Red6 28. Bf4 Rxd3 29. Rxd3 Rxd3 30. Qxd3 Nc5 31. Qd1
Ne6 32. Be3 Bd4 33. Bd2 Qc5 34. Qf3 Qc2 35. Bh6 Bg7 36. Bxg7
Kxg7 37. Bf1 Qc5 38. Bc4 Ng5 39. Qc3+ f6 40. Qd3 Qe7 41. h4
Nxe4 42. Qe3 Qe5 43. Qb6 Kh6 44. Qe3+ g5 45. Bd3 Nc5 46. hxg5+
Qxg5 47. f4 Qg4 48. Be2 Qf5 49. Qe7 Qe6 50. Qf8+ Kg6 51. Bc4
Qe3+ 52. Kg2 Qe4+ 53. Kh2 Qd4 54. Qg8+ Kh6 55. Qf8+ Kg6
56. Qg8+ Kh6 57. Qf8+ 1/2-1/2

[Event "Shenzhen Masters"]
[Site "Shenzhen CHN"]
[Date "2017.03.31"]
[EventDate "2017.03.22"]
[Round "8"]
[Result "1/2-1/2"]
[White "Peter Svidler"]
[Black "Ding Liren"]
[WhiteElo "2741"]
[BlackElo "2759"]
[PlyCount "36"]

1. e4 e5 2. Nf3 Nc6 3. Bb5 a6 4. Ba4 Nf6 5. d3 b5 6. Bb3 Bc5
7. c3 O-O 8. O-O d6 9. Bg5 h6 10. Bh4 g5 11. Bg3 Ba7 12. Nbd2
Na5 13. Bc2 Nh5 14. Kh1 Nc6 15. Bb3 Na5 16. Bc2 Nc6 17. Bb3
Na5 18. Bc2 Nc6 1/2-1/2

[Event "Shenzhen Masters"]
[Site "Shenzhen CHN"]
[Date "2017.04.01"]
[EventDate "2017.03.23"]
[Round "9.2"]
[Result "1/2-1/2"]
[White "Ding Liren"]
[Black "Michael Adams"]
[WhiteElo "2759"]
[BlackElo "2761"]
[PlyCount "61"]

1. d4 Nf6 2. c4 e6 3. Nf3 d5 4. Nc3 Be7 5. Bf4 O-O 6. e3 Nbd7
7. c5 c6 8. h3 b6 9. b4 a5 10. a3 h6 11. Be2 Ba6 12. O-O Qc8
13. Qc2 Qb7 14. Rfc1 Rfc8 15. Rab1 Bxe2 16. Qxe2 Bd8 17. Ne1
axb4 18. axb4 Bc7 19. Nd3 Ne4 20. Nxe4 dxe4 21. Ne5 Bxe5
22. dxe5 Rcb8 23. Qc2 bxc5 24. bxc5 Qa7 25. Qxe4 Rxb1 26. Qxb1
Qa3 27. Qc2 Ra5 28. Qd2 Ra8 29. Rc3 Qb4 30. Qd4 Ra4 31. Qxb4
1/2-1/2

[Event "Shenzhen Masters"]
[Site "Shenzhen CHN"]
[Date "2017.04.02"]
[EventDate "2017.03.22"]
[Round "10"]
[Result "0-1"]
[White "Pentala Harikrishna"]
[Black "Ding Liren"]
[WhiteElo "2758"]
[BlackElo "2759"]
[PlyCount "106"]

1. e4 e5 2. Nf3 Nc6 3. Bb5 a6 4. Ba4 Nf6 5. O-O Be7 6. Re1 b5
7. Bb3 O-O 8. a4 b4 9. d4 d6 10. dxe5 Nxe5 11. Nxe5 dxe5
12. Qe2 a5 13. Bg5 Bc5 14. Nd2 Bg4 15. Nf3 Qe7 16. h3 Bh5
17. Rad1 Rad8 18. g4 Bg6 19. h4 h6 20. h5 Bh7 21. Bh4 Rd6
22. Rxd6 cxd6 23. Nd2 Kh8 24. Qf3 g5 25. Bg3 Kg7 26. Nc4 Qb7
27. Qd3 Nxe4 28. Nxa5 Qc7 29. Rxe4 Qxa5 30. Qd5 Bxe4 31. Qxe4
Bd4 32. Qf5 Qc5 33. a5 Qxa5 34. c3 bxc3 35. Bc2 Rh8 36. Bb3
Qc7 37. bxc3 Bxc3 38. Bd5 Bd4 39. Kg2 Qe7 40. Qe4 Qf6 41. f3
Rb8 42. Kh3 Rb2 43. Bc4 Bf2 44. Bh2 Rb4 45. Kg2 Be3 46. Bg3
Bc5 47. Bh2 Rb2+ 48. Kh3 Rf2 49. Be2 d5 50. Qd3 e4 51. Qxd5
Rxf3+ 52. Kg2 Rf2+ 53. Kh3 Rxh2+ 0-1

[Event "Chinese Chess League"]
[Site "China CHN"]
[Date "2017.04.18"]
[EventDate "2017.04.18"]
[Round "1.6"]
[Result "1/2-1/2"]
[White "Xiangyu Xu"]
[Black "Ding Liren"]
[WhiteElo "2503"]
[BlackElo "2759"]
[PlyCount "56"]

1. Nf3 d5 2. g3 g6 3. Bg2 Bg7 4. d4 Nf6 5. c4 c6 6. cxd5 cxd5
7. Nc3 Ne4 8. Qb3 Nxc3 9. bxc3 O-O 10. Ne5 Nc6 11. O-O Nxe5
12. dxe5 Be6 13. Rd1 Qc7 14. Bxd5 Bxd5 15. Rxd5 Bxe5 16. Ba3
b6 17. Rad1 Rfd8 18. Rxd8+ Rxd8 19. Rxd8+ Qxd8 20. Qa4 h5
21. c4 h4 22. gxh4 Qc8 23. Bxe7 Qg4+ 24. Kf1 Qh3+ 25. Ke1 Qc3+
26. Kf1 Qh3+ 27. Ke1 Qc3+ 28. Kf1 Qh3+ 1/2-1/2

[Event "Chinese Chess League"]
[Site "China CHN"]
[Date "2017.04.19"]
[EventDate "2017.04.18"]
[Round "2.1"]
[Result "1/2-1/2"]
[White "Li Chao"]
[Black "Ding Liren"]
[WhiteElo "2720"]
[BlackElo "2759"]
[PlyCount "64"]

1. d4 d5 2. c4 c6 3. Nf3 Nf6 4. Nc3 e6 5. e3 Nbd7 6. Qc2 Bd6
7. Bd3 O-O 8. O-O e5 9. cxd5 cxd5 10. e4 exd4 11. Nxd5 Nxd5
12. exd5 h6 13. Nxd4 Qh4 14. Nf3 Qh5 15. Bh7+ Kh8 16. Qf5 Qxf5
17. Bxf5 Nf6 18. Bc2 b6 19. Rd1 Bb7 20. Bb3 Rad8 21. Be3 Be7
22. Bd4 Nxd5 23. Ne5 Nf4 24. Be3 Nd5 25. Bd4 Nf4 26. Bc3 Bd5
27. g3 Ne2+ 28. Kf1 Nxc3 29. bxc3 Bf6 30. Rxd5 Rxd5 31. Nxf7+
Rxf7 32. Bxd5 Bxc3 1/2-1/2

[Event "Chinese Chess League"]
[Site "China CHN"]
[Date "2017.04.20"]
[EventDate "2017.04.18"]
[Round "3.6"]
[Result "1-0"]
[White "Ding Liren"]
[Black "Yankai Li"]
[WhiteElo "2759"]
[BlackElo "2392"]
[PlyCount "83"]

1. e4 e5 2. Nf3 Nf6 3. Nxe5 d6 4. Nf3 Nxe4 5. d4 d5 6. Bd3 Be7
7. O-O Nc6 8. Nbd2 Nxd2 9. Bxd2 Bg4 10. c3 O-O 11. h3 Bh5
12. Qe2 Re8 13. Rae1 Bd6 14. Qd1 Rxe1 15. Rxe1 Bg6 16. Bf1 Qd7
17. Nh4 Ne7 18. Nxg6 Nxg6 19. g3 c6 20. Kg2 Nf8 21. Qe2 Qe6
22. Qf3 Qd7 23. h4 Re8 24. Rd1 Re6 25. Bd3 Rf6 26. Qe2 h6
27. Bc2 Ng6 28. Re1 Nf8 29. Qh5 Ne6 30. Qe2 Nf8 31. b4 Re6
32. Be3 Re7 33. Qf3 Qe8 34. Rh1 Re6 35. a4 a6 36. a5 Rf6
37. Qd1 Re6 38. Bf5 Rf6 39. Qd3 g6 40. Bh3 Qe4+ 41. Qxe4 dxe4
42. Bc8 1-0

[Event "Chinese Chess League"]
[Site "China CHN"]
[Date "2017.04.21"]
[EventDate "2017.04.18"]
[Round "4.2"]
[Result "0-1"]
[White "Yuxiang Fang"]
[Black "Ding Liren"]
[WhiteElo "2498"]
[BlackElo "2759"]
[PlyCount "72"]

1. Nf3 g6 2. c4 Bg7 3. Nc3 c5 4. g3 Nc6 5. Bg2 e5 6. O-O Nge7
7. Ne1 h5 8. h4 d6 9. d3 Be6 10. Nd5 O-O 11. Nc2 Qd7 12. Rb1
Bh3 13. b4 Bxg2 14. Kxg2 f5 15. Bg5 Nxd5 16. cxd5 Nd4 17. e4
Rac8 18. bxc5 Rxc5 19. Nxd4 exd4 20. Qb3 b6 21. Rbc1 Rc3
22. Rxc3 dxc3 23. Qb4 b5 24. Bf4 fxe4 25. Qxe4 a5 26. Qxg6 b4
27. Re1 Qg4 28. Qxd6 Rxf4 29. Qxf4 Qxf4 30. gxf4 a4 31. d6 c2
32. d7 Bf6 33. Re8+ Kf7 34. Rc8 b3 35. axb3 axb3 36. Rc6 Bd8
0-1

[Event "FIDE Grand Prix Moscow"]
[Site "Moscow RUS"]
[Date "2017.05.12"]
[EventDate "2017.05.12"]
[Round "1.4"]
[Result "1/2-1/2"]
[White "Teimour Radjabov"]
[Black "Ding Liren"]
[WhiteElo "2710"]
[BlackElo "2773"]
[PlyCount "89"]

1. d4 d5 2. c4 c6 3. Nf3 Nf6 4. e3 e6 5. Bd3 Nbd7 6. b3 Bd6
7. Bb2 O-O 8. Nbd2 b6 9. O-O Bb7 10. Qe2 c5 11. Rad1 Ne4
12. cxd5 exd5 13. Ba6 Bxa6 14. Qxa6 Re8 15. dxc5 Ndxc5 16. Qe2
Rc8 17. Rc1 Bf8 18. Rfd1 Qe7 19. Nb1 Qb7 20. Nc3 Red8 21. Rc2
a6 22. h3 b5 23. Rdc1 Ne6 24. Qd3 Rc5 25. Ne2 Rdc8 26. Nfd4
Rxc2 27. Rxc2 N4c5 28. Qd1 Nxd4 29. Bxd4 Ne6 30. Rd2 a5
31. Bb2 Rc5 32. Nd4 Nxd4 33. Bxd4 Rc6 34. Bb2 Rc5 35. Bd4 Rc6
36. Bb2 Rc5 37. a3 Qc6 38. Kh2 h6 39. g3 b4 40. a4 Be7 41. Bd4
Rc1 42. Qg4 Bf6 43. Bxf6 Qxf6 44. Kg2 Rc5 45. Qf3 1/2-1/2

[Event "FIDE Grand Prix Moscow"]
[Site "Moscow RUS"]
[Date "2017.05.13"]
[EventDate "2017.05.12"]
[Round "2.4"]
[Result "1-0"]
[White "Ding Liren"]
[Black "Ernesto Inarkiev"]
[WhiteElo "2773"]
[BlackElo "2727"]
[PlyCount "173"]

1. c4 e5 2. g3 Nf6 3. Bg2 c6 4. Nf3 e4 5. Nd4 d5 6. d3 exd3
7. cxd5 Bb4+ 8. Nc3 c5 9. Nb3 c4 10. Nd2 O-O 11. O-O Bxc3
12. bxc3 Bg4 13. f3 dxe2 14. Qxe2 Bf5 15. Nxc4 Qxd5 16. Rd1
Qb5 17. a4 Qa6 18. Bf1 Be6 19. Nd6 Qxe2 20. Bxe2 b6 21. Nb5
Bb3 22. Rd6 Nbd7 23. a5 Rfc8 24. Kf2 h6 25. Be3 Ne5 26. Bd4
Nc4 27. Rxf6 gxf6 28. Bxc4 Bxc4 29. Nd6 bxa5 30. Nxc8 Rxc8
31. Rxa5 Re8 32. g4 a6 33. Rc5 Bd3 34. Bxf6 Re6 35. Bd4 Kf8
36. h4 Ke8 37. Rc8+ Kd7 38. Rf8 Ke7 39. Bc5+ Kf6 40. Rh8 Kg7
41. Bd4+ f6 42. Rd8 Bc4 43. Rd7+ Kg8 44. Ra7 Bd3 45. Kg3 Rc6
46. h5 Bc2 47. f4 Bd1 48. Kh4 Rd6 49. Ra8+ Kf7 50. Rh8 Kg7
51. Rc8 Kf7 52. Rc7+ Kg8 53. Rc5 Kf7 54. g5 fxg5+ 55. fxg5
hxg5+ 56. Kxg5 Bc2 57. Rc7+ Ke6 58. h6 Rd5+ 59. Kg4 Rd7
60. Rc6+ Rd6 61. Rc7 Rd7 62. Rc5 Rd5 63. Rc8 a5 64. Re8+ Kd7
65. Ra8 a4 66. h7 Bxh7 67. Ra7+ Kc6 68. Rxh7 Ra5 69. Rh6+ Kd7
70. Kf4 a3 71. Rh1 a2 72. Ra1 Kc6 73. Ke4 Kb5 74. Kd3 Ra8
75. Kc2 Kc4 76. Kb2 Rb8+ 77. Kxa2 Kd3 78. Rh1 Kc2 79. Ka3 Kd3
80. Rh5 Rb1 81. Ka4 Rb8 82. Rb5 Ra8+ 83. Kb4 Rc8 84. Rb7 Rc4+
85. Kb5 Rc8 86. Bg7 Rd8 87. c4 1-0

[Event "FIDE Grand Prix Moscow"]
[Site "Moscow RUS"]
[Date "2017.05.14"]
[EventDate "2017.05.12"]
[Round "3.1"]
[Result "0-1"]
[White "Yifan Hou"]
[Black "Ding Liren"]
[WhiteElo "2652"]
[BlackElo "2773"]
[PlyCount "102"]

1. e4 e5 2. Nf3 Nc6 3. Bc4 Nf6 4. d3 Bc5 5. O-O O-O 6. a4 d6
7. c3 a5 8. Bg5 h6 9. Bh4 g5 10. Bg3 Kg7 11. Re1 g4 12. Bh4
Ne7 13. Bxf6+ Kxf6 14. d4 Bb6 15. Nh4 Kg7 16. Na3 exd4
17. cxd4 Nc6 18. Nf5+ Bxf5 19. exf5 h5 20. Nc2 Qf6 21. Re4
Qxf5 22. Bd3 Qg5 23. g3 f5 24. Rf4 Rae8 25. h4 gxh3 26. Qf3 d5
27. Rd1 Re4 28. Bxe4 fxe4 29. Qe3 Rxf4 30. Qxf4 Qxf4 31. gxf4
Ne7 32. Kh2 Ng6 33. f5 Nf4 34. f3 c6 35. fxe4 dxe4 36. Re1 Bc7
37. Rg1+ Kf7 38. Rf1 Kf6 39. Kg3 Kxf5 40. Ne3+ Kg5 41. Nc4 h4+
42. Kf2 Nd3+ 43. Ke2 Bf4 44. Nxa5 h2 45. Nxb7 Nc1+ 46. Kf2 e3+
47. Kg2 e2 48. Re1 Bd2 49. Rh1 Nb3 50. Kxh2 e1=Q 51. Rxe1 Bxe1
0-1

[Event "FIDE Grand Prix Moscow"]
[Site "Moscow RUS"]
[Date "2017.05.15"]
[EventDate "2017.05.12"]
[Round "4.1"]
[Result "1/2-1/2"]
[White "Ding Liren"]
[Black "Peter Svidler"]
[WhiteElo "2773"]
[BlackElo "2755"]
[PlyCount "66"]

1. c4 g6 2. Nc3 c5 3. g3 Bg7 4. Bg2 Nc6 5. a3 e6 6. Rb1 Nge7
7. b4 d6 8. Nf3 O-O 9. O-O b6 10. e3 d5 11. bxc5 bxc5 12. Na4
Qd6 13. d3 Ba6 14. Qc2 Rab8 15. Rxb8 Rxb8 16. cxd5 Nxd5 17. e4
Nde7 18. Nxc5 Nd4 19. Nxd4 Bxd4 20. Be3 Rb2 21. Qc1 Bb5 22. a4
Be8 23. Bxd4 Qxd4 24. Qe3 Qxe3 25. fxe3 Rc2 26. d4 e5 27. Rd1
exd4 28. exd4 Nc6 29. Bf1 Nxd4 30. Rxd4 Rxc5 31. Rd8 Re5
32. Bb5 Kf8 33. Ra8 Rxe4 1/2-1/2

[Event "FIDE Grand Prix Moscow"]
[Site "Moscow RUS"]
[Date "2017.05.16"]
[EventDate "2017.05.12"]
[Round "5.1"]
[Result "1/2-1/2"]
[White "Shakhriyar Mamedyarov"]
[Black "Ding Liren"]
[WhiteElo "2772"]
[BlackElo "2773"]
[PlyCount "29"]

1. d4 Nf6 2. c4 e6 3. Nc3 Bb4 4. Nf3 O-O 5. Qc2 d5 6. Bg5 h6
7. Bxf6 Qxf6 8. a3 Bxc3+ 9. Qxc3 c6 10. e3 Nd7 11. Rd1 dxc4
12. Bxc4 b6 13. O-O Bb7 14. e4 Rfd8 15. e5 1/2-1/2

[Event "FIDE Grand Prix Moscow"]
[Site "Moscow RUS"]
[Date "2017.05.18"]
[EventDate "2017.05.12"]
[Round "6.1"]
[Result "1/2-1/2"]
[White "Ding Liren"]
[Black "Maxime Vachier-Lagrave"]
[WhiteElo "2773"]
[BlackElo "2795"]
[PlyCount "104"]

1. c4 e5 2. g3 Nf6 3. Bg2 d5 4. cxd5 Nxd5 5. Nf3 Nc6 6. O-O
Nb6 7. Nc3 Be7 8. a3 O-O 9. b4 Re8 10. e3 a6 11. Qc2 Bg4
12. Ne4 f5 13. Nc5 e4 14. Ne1 Be2 15. d3 Bxf1 16. Kxf1 Bxc5
17. bxc5 Nd7 18. dxe4 fxe4 19. Bxe4 Qe7 20. Bxh7+ Kh8 21. Bg6
Rf8 22. Rb1 Nxc5 23. Ng2 Rad8 24. Nf4 Ne6 25. Rxb7 Ne5 26. Bb2
Nf3 27. Bh5 Nxf4 28. gxf4 Rd2 29. Qc3 Nxh2+ 30. Kg1 Rxf4
31. Qxg7+ Qxg7+ 32. Bxg7+ Kxg7 33. exf4 Kh6 34. Kxh2 Kxh5
35. Rxc7 Kg4 36. Kg2 Rd3 37. f3+ Kh5 38. a4 Rd4 39. Rc5+ Kh4
40. Kf2 Rxa4 41. Ke3 a5 42. Rg5 Ra3+ 43. Ke4 Ra4+ 44. Ke5 Rb4
45. Rg4+ Kh5 46. f5 Rb5+ 47. Ke6 Rb6+ 48. Ke7 Rb7+ 49. Ke6
Rb6+ 50. Kf7 Rb7+ 51. Kg8 Rb8+ 52. Kg7 Rb7+ 1/2-1/2

[Event "FIDE Grand Prix Moscow"]
[Site "Moscow RUS"]
[Date "2017.05.19"]
[EventDate "2017.05.12"]
[Round "7.1"]
[Result "1/2-1/2"]
[White "Hikaru Nakamura"]
[Black "Ding Liren"]
[WhiteElo "2786"]
[BlackElo "2773"]
[PlyCount "119"]

1. d4 Nf6 2. c4 e6 3. Nf3 d5 4. Nc3 c5 5. cxd5 Nxd5 6. e4 Nxc3
7. bxc3 cxd4 8. cxd4 Bb4+ 9. Bd2 Bxd2+ 10. Qxd2 O-O 11. Be2 b6
12. O-O Bb7 13. Qe3 Nc6 14. Rfd1 Rc8 15. Rac1 Qd6 16. h4 Rfd8
17. a3 h6 18. h5 Ne7 19. Rxc8 Rxc8 20. Ne5 Rc7 21. Bf3 b5
22. Qb3 a6 23. Qb4 Nc8 24. Nd3 Rc4 25. Qxd6 Nxd6 26. Nc5 Bc8
27. Be2 Rc3 28. a4 bxa4 29. Nxa4 Rc7 30. Nc5 Nb5 31. Bxb5 axb5
32. f4 Ra7 33. Rb1 Bd7 34. d5 exd5 35. exd5 Bg4 36. d6 Ra2
37. Rxb5 Rd2 38. Rb8+ Kh7 39. Rd8 Bxh5 40. Nd7 Rxd6 41. Nf8+
Kg8 42. Nd7+ Kh7 43. Nf8+ Kg8 44. Rxd6 Kxf8 45. f5 Bg4 46. f6
gxf6 47. Rxf6 h5 48. Kf2 Kg7 49. Rb6 f6 50. Ke3 Kf7 51. g3 Ke7
52. Kd4 Kf7 53. Kd5 Bf3+ 54. Kd6 Bg4 55. Rb7+ Kf8 56. Ra7 Ke8
57. Re7+ Kf8 58. Ra7 Ke8 59. Re7+ Kf8 60. Ra7 1/2-1/2

[Event "FIDE Grand Prix Moscow"]
[Site "Moscow RUS"]
[Date "2017.05.20"]
[EventDate "2017.05.12"]
[Round "8.1"]
[Result "1/2-1/2"]
[White "Ding Liren"]
[Black "Anish Giri"]
[WhiteElo "2773"]
[BlackElo "2785"]
[PlyCount "55"]

1. Nf3 d5 2. d4 Nf6 3. c4 e6 4. g3 Bb4+ 5. Bd2 Be7 6. Bg2 O-O
7. O-O Nbd7 8. Qc2 c6 9. Rd1 b6 10. b3 a5 11. Bc3 Ne4 12. Ne5
Nxe5 13. Bxe4 f5 14. Bxd5 exd5 15. dxe5 f4 16. cxd5 cxd5
17. Bd4 Ba6 18. Qc6 Bxe2 19. Re1 Qc8 20. Qxd5+ Kh8 21. Nc3 Ba6
22. e6 Rd8 23. Qe4 Bb7 24. Qxf4 Qc6 25. Bxg7+ Kxg7 26. Qf7+
Kh8 27. Ne4 Qe8 28. Ng5 1/2-1/2

[Event "Chinese Chess League"]
[Site "China CHN"]
[Date "2017.05.25"]
[EventDate "2017.04.18"]
[Round "7.4"]
[Result "1/2-1/2"]
[White "Ding Liren"]
[Black "Qun Ma"]
[WhiteElo "2773"]
[BlackElo "2637"]
[PlyCount "113"]

1. d4 Nf6 2. c4 e6 3. Nf3 d5 4. g3 Bb4+ 5. Bd2 Be7 6. Bg2 O-O
7. O-O c6 8. Qc2 Nbd7 9. Rd1 b6 10. b3 a5 11. Bc3 Ne4 12. Bb2
Bb7 13. Nc3 f5 14. Ne1 Nxc3 15. Bxc3 Bd6 16. Nd3 Qe7 17. e3
Ba6 18. Bb2 a4 19. Rac1 axb3 20. axb3 Bb7 21. Qc3 Rfc8 22. Qe1
Nf6 23. c5 bxc5 24. dxc5 Bc7 25. b4 Ba6 26. Ne5 Bb5 27. Bf1
Bxe5 28. Bxe5 Qb7 29. Bxf6 gxf6 30. Qc3 Bxf1 31. Rxf1 Kf7
32. Ra1 Rxa1 33. Rxa1 Ra8 34. Ra3 Kg6 35. Qa1 Rb8 36. Ra4 Qb5
37. h4 e5 38. Kh2 Qc4 39. h5+ Kh6 40. Ra6 Rxb4 41. Rxc6 Qc2
42. Qf1 Rb1 43. Qg2 Qd1 44. g4 Qxg4 45. Qxg4 fxg4 46. Rxf6+
Kxh5 47. Rf5+ Kh4 48. Rxe5 Rb2 49. Kg2 Rd2 50. Re7 h5 51. Rd7
g3 52. Rf7 gxf2 53. Rxf2 Rd3 54. Rc2 Rxe3 55. c6 Re8 56. c7
Rc8 57. Rc5 1/2-1/2

[Event "World Team Chess Championship"]
[Site "Khanty-Mansiysk RUS"]
[Date "2017.06.17"]
[EventDate "2017.06.17"]
[Round "1.1"]
[Result "1/2-1/2"]
[White "Ding Liren"]
[Black "Sergei Zhigalko"]
[WhiteElo "2783"]
[BlackElo "2635"]
[PlyCount "81"]

1. Nf3 Nf6 2. c4 e6 3. g3 d5 4. d4 Bb4+ 5. Bd2 Be7 6. Bg2 O-O
7. O-O c6 8. Qc2 b6 9. Rd1 Nbd7 10. b3 Ba6 11. Bc1 Rc8 12. Bb2
Ne4 13. Nc3 Nxc3 14. Qxc3 Bd6 15. Qc2 f5 16. e3 Bb7 17. Rac1
Qe7 18. Ne1 a5 19. Nd3 Ra8 20. a4 Rfc8 21. Qe2 Rab8 22. Rc2
Ba6 23. Rdc1 Nf6 24. Qe1 Nd7 25. Nf4 Re8 26. cxd5 cxd5 27. Bf1
Bb7 28. Bb5 Rec8 29. Bc6 Ba6 30. Qd1 Nf6 31. Nd3 Bxd3 32. Qxd3
Rc7 33. Bb5 Rbc8 34. Ba6 Rxc2 35. Rxc2 Rxc2 36. Qxc2 Qc7
37. Qxc7 Bxc7 38. Ba3 g5 39. f3 g4 40. Be7 Kf7 41. Bxf6
1/2-1/2

[Event "World Team Chess Championship"]
[Site "Khanty-Mansiysk RUS"]
[Date "2017.06.18"]
[EventDate "2017.06.17"]
[Round "2.5"]
[Result "1/2-1/2"]
[White "Ding Liren"]
[Black "Vidit Santosh Gujrathi"]
[WhiteElo "2783"]
[BlackElo "2692"]
[PlyCount "102"]

1. Nf3 c5 2. e4 d6 3. d4 cxd4 4. Nxd4 Nf6 5. Nc3 a6 6. h3 e6
7. g4 Be7 8. g5 Nfd7 9. Be3 b5 10. a3 Bb7 11. h4 Nc6 12. Rg1
Nc5 13. f3 O-O 14. Qd2 Rb8 15. h5 Qc7 16. Qh2 Nxd4 17. Bxd4 e5
18. Be3 f5 19. gxf6 Bxf6 20. O-O-O Ne6 21. Kb1 Nf4 22. Bh3 Bc6
23. Bxf4 exf4 24. Be6+ Kh8 25. Nd5 Bxd5 26. Bxd5 b4 27. a4 Qe7
28. Qd2 Qe5 29. Qc1 h6 30. Bb3 Qxh5 31. Rg4 Qe5 32. Rd5 Qe7
33. Ra5 Qa7 34. Rxf4 Be5 35. Rh4 Rxf3 36. Rxa6 Qe7 37. Rh1 Rc8
38. Qd2 Qf6 39. Ka2 Rb8 40. Qd5 Kh7 41. Ra8 Qd8 42. Ra7 Qb6
43. Rd7 Qe3 44. a5 Qe2 45. Qe6 Qe3 46. a6 Ra8 47. Kb1 Rff8
48. Qc4 Rfc8 49. Qf1 Rf8 50. Qc4 Rfc8 51. Qf1 Rf8 1/2-1/2

[Event "World Team Chess Championship"]
[Site "Khanty-Mansiysk RUS"]
[Date "2017.06.21"]
[EventDate "2017.06.17"]
[Round "5.3"]
[Result "1/2-1/2"]
[White "Dragan Solak"]
[Black "Ding Liren"]
[WhiteElo "2641"]
[BlackElo "2783"]
[PlyCount "80"]

1. e4 e5 2. Nf3 Nc6 3. Bb5 a6 4. Bxc6 dxc6 5. O-O Bg4 6. h3 h5
7. d3 Qf6 8. Be3 Bxf3 9. Qxf3 Qxf3 10. gxf3 Bd6 11. Nd2 Ne7
12. Rfb1 Ng6 13. Kf1 c5 14. Nc4 Be7 15. a3 a5 16. b4 axb4
17. axb4 Rxa1 18. Rxa1 cxb4 19. Ra8+ Bd8 20. Na5 b6 21. Nc6
Kd7 22. Nxb4 Be7 23. Rxh8 Nxh8 24. Nd5 Ng6 25. f4 exf4
26. Nxf4 Nxf4 27. Bxf4 b5 28. Ke2 c5 29. f3 Kc6 30. Be5 g6
31. Kd2 b4 32. Ke2 Bd6 33. Bg7 Kd7 34. Bh6 Be5 35. Be3 Kc6
36. Kd1 Kb5 37. Ke2 Bd4 38. Bh6 f6 39. Bf4 c4 40. dxc4+ Kxc4
1/2-1/2

[Event "World Team Chess Championship"]
[Site "Khanty-Mansiysk RUS"]
[Date "2017.06.23"]
[EventDate "2017.06.17"]
[Round "6.3"]
[Result "1-0"]
[White "Ding Liren"]
[Black "Ruslan Ponomariov"]
[WhiteElo "2783"]
[BlackElo "2712"]
[PlyCount "83"]

1. e4 c5 2. Nf3 d6 3. d4 cxd4 4. Nxd4 Nf6 5. Nc3 a6 6. Be3 Ng4
7. Bc1 Nf6 8. f3 e5 9. Nb3 Be6 10. Be3 Nbd7 11. g4 Nb6 12. g5
Nh5 13. Qd2 Be7 14. O-O-O O-O 15. Kb1 Rc8 16. Rg1 g6 17. Qf2
Nc4 18. Bxc4 Rxc4 19. Nd5 Bxd5 20. Rxd5 b5 21. h4 f6 22. Qd2
fxg5 23. Bxg5 Rxf3 24. Bxe7 Qxe7 25. Rxd6 Rf7 26. Rxa6 Rxe4
27. Qd5 Rxh4 28. Qxb5 Nf4 29. a4 e4 30. Ra8+ Kg7 31. Re8 Qa7
32. Qe5+ Kh6 33. Qg5+ Kg7 34. Rxe4 Rh5 35. Qg3 Rh3 36. Qe1 Nd5
37. Nd4 Qb6 38. a5 Qb7 39. Ne6+ Kg8 40. Nd8 Qb5 41. Re8+ Kg7
42. Qe5+ 1-0

[Event "World Team Chess Championship"]
[Site "Khanty-Mansiysk RUS"]
[Date "2017.06.24"]
[EventDate "2017.06.17"]
[Round "7.4"]
[Result "1/2-1/2"]
[White "Ian Nepomniachtchi"]
[Black "Ding Liren"]
[WhiteElo "2732"]
[BlackElo "2783"]
[PlyCount "164"]

1. e4 e5 2. Nf3 Nc6 3. d4 exd4 4. Nxd4 Nf6 5. Nxc6 bxc6 6. e5
Qe7 7. Qe2 Nd5 8. c4 Ba6 9. b3 g6 10. g3 Bg7 11. Bb2 O-O
12. Bg2 Rfe8 13. O-O Bxe5 14. Qxe5 Qxe5 15. Bxe5 Rxe5 16. cxd5
Bxf1 17. Kxf1 cxd5 18. Na3 c6 19. Nc2 a5 20. Rd1 Kf8 21. Rd4
Ke7 22. Rf4 Rf5 23. Ra4 Kd6 24. Ke2 Re8+ 25. Kf1 Ra8 26. Ne3
Re5 27. Ke2 Kc7 28. Kd2 Kb6 29. Bf1 Re4 30. Ra3 Rae8 31. Bd3
R4e6 32. Ra4 Rf6 33. Ng4 Rf3 34. Be2 Rf5 35. Bd3 Rf3 36. Be2
Rf5 37. f4 h5 38. Ne5 d6 39. Nf3 c5 40. Ng5 d4 41. Bd3 Rf6
42. Be4 h4 43. Rc4 Re7 44. Rc1 d5 45. Bxd5 Rf5 46. Bc4 hxg3
47. hxg3 f6 48. Ne6 Rh5 49. Re1 Rh2+ 50. Re2 Rxe2+ 51. Kxe2
Kc6 52. g4 Kd6 53. f5 gxf5 54. gxf5 Rh7 55. a4 Rh5 56. Bd3
Rh2+ 57. Ke1 Rh3 58. Kd2 Rh2+ 59. Ke1 Rh3 60. Kd2 Rh2+ 61. Be2
Rf2 62. Nd8 Kc7 63. Ne6+ Kd6 64. Ng7 Rg2 65. Ne8+ Ke5 66. Nc7
Kxf5 67. Na6 Ke5 68. Nxc5 f5 69. Nd3+ Kd6 70. Ke1 Rg1+ 71. Kd2
Rg2 72. Ke1 Rg1+ 73. Bf1 Rg3 74. b4 axb4 75. Nxb4 Ra3 76. Bb5
Kc5 77. Nd3+ Kb6 78. Ke2 f4 79. Kf3 Ka5 80. Kxf4 Rxa4 81. Bxa4
Kxa4 82. Ke4 Kb5 1/2-1/2

[Event "World Team Chess Championship"]
[Site "Khanty-Mansiysk RUS"]
[Date "2017.06.25"]
[EventDate "2017.06.17"]
[Round "8.2"]
[Result "1-0"]
[White "Ding Liren"]
[Black "Frode Olav Olsen Urkedal"]
[WhiteElo "2783"]
[BlackElo "2541"]
[PlyCount "87"]

1. d4 Nf6 2. c4 e6 3. Nf3 b6 4. g3 Ba6 5. Nbd2 Bb4 6. Qc2 Bb7
7. Bg2 c5 8. O-O cxd4 9. Nxd4 Bxg2 10. Kxg2 O-O 11. e4 Qc7
12. N2f3 Nc6 13. Nb5 Qb7 14. Rd1 a6 15. Nd6 Bxd6 16. Rxd6 Nb4
17. Qa4 Nc6 18. Qd1 Ra7 19. Qe2 b5 20. c5 Na5 21. Rd4 Nc6
22. Rd1 b4 23. Bg5 Qb5 24. Rd3 Ng4 25. Bf4 Nf6 26. Rad1 Rb7
27. Bd6 Rc8 28. Qe3 Qc4 29. Nd2 Qxa2 30. b3 Qa5 31. Nc4 Qb5
32. Bf4 Ne8 33. Nb6 Rd8 34. Nxd7 h6 35. e5 Rc8 36. Bxh6 Ne7
37. Bxg7 Kxg7 38. Qg5+ Ng6 39. h4 Rxd7 40. Rxd7 Rxc5 41. h5
Qc6+ 42. Kg1 Qe4 43. hxg6 Qxg6 44. Rxf7+ 1-0